Bibliotheca medico-practica et chirurgica realis recentior, sive Continuatio et supplementa Initiorum bibliothecae medico-practicae et chirurgicae, sive repertorii medicinae practicae et chirurgiae. (Record no. 187492)
[ view plain ]
| 000 -LEADER | |
|---|---|
| campo de control de longitud fija | 00994nam a2200181 i 4500 |
| 001 - NÚMERO DE CONTROL | |
| campo de control | 187492 |
| 003 - IDENTIFICADOR DE NÚMERO DE CONTROL | |
| campo de control | ES-MaACL |
| 005 - FECHA Y HORA DE LA ÚLTIMA TRANSACCIÓN | |
| campo de control | 20250826054859.0 |
| 008 - DATOS DE LONGITUD FIJA--INFORMACIÓN GENERAL | |
| campo de control de longitud fija | 170829m17991800gw |||| | lat d |
| 100 1# - ENTRADA PRINCIPAL--NOMBRE DE PERSONA | |
| Nombre de persona | Ploucquet, Wilhelm Gottfried ( |
| Fechas asociadas al nombre | 1744-1814) |
| 9 (RLIN) | 163546 |
| 245 10 - MENCIÓN DEL TÍTULO | |
| Título | Bibliotheca medico-practica et chirurgica realis recentior, sive Continuatio et supplementa Initiorum bibliothecae medico-practicae et chirurgicae, sive repertorii medicinae practicae et chirurgiae. |
| Número de parte o sección de la obra | 1er Supplément : I, "A-H" ; II, "I-Z". / |
| Mención de responsabilidad, etc. | communicat D. Guilielmus Godofredus Ploucquet. |
| 260 ## - PUBLICACIÓN, DISTRIBUCIÓN, ETC. | |
| Lugar de publicación, distribución, etc. | Tubingae : |
| Nombre del editor, distribuidor, etc. | apud Joannem Georgium Cottam, |
| Fecha de publicación, distribución, etc. | 1799-1800. |
| 300 ## - DESCRIPCIÓN FÍSICA | |
| Extensión | 2 v. (XXVI-700, 687 p.) ; |
| Dimensiones | 22 cm. |
| 500 ## - NOTA GENERAL | |
| Nota general | Suplemento de: Initia bibliothecae medico-practicae et chirurgicae realis, sive repertorii medicinae practicae et chirurgiae communicat D. Guilielmus Godofredus Ploucquet. |
| 650 #7 - PUNTO DE ACCESO ADICIONAL DE MATERIA--TÉRMINO DE MATERIA | |
| Término de materia o nombre geográfico como elemento de entrada | Medicina- |
| Subdivisión de forma | Bibliografías |
| Fuente del encabezamiento o término | |
| 9 (RLIN) | 158981 |
| 852 ## - LOCALIZACIÓN | |
| Ubicación | ES-MaACL |
| Número de control de estantería | R-2787-88 |
| Estatus retirado | Estado de pérdida | Estado de daño | No para préstamo | Colección | Biblioteca de origen | Biblioteca actual | Ubicación en estantería | Fecha de adquisición | Fuente de adquisición | Total de préstamos | Signatura topográfica completa | Código de barras | Visto por última vez | Precio de reemplazo | Tipo de ítem Koha |
|---|---|---|---|---|---|---|---|---|---|---|---|---|---|---|---|
| Libros del s. XVIII | Biblioteca del Ateneo de Madrid | Biblioteca del Ateneo de Madrid | Depósito | 29/08/2017 | R-2787-88 | 1197960 | 23/02/2023 | 23/02/2023 | Libro impreso antiguo |
